000 01460nam a22002775i 4500
001 162093
003 ES-MaACL
005 20250929063234.0
008 000920m18531857fr f |||| | fre d
040 _aCCPB | B
_bspa
_cCCPB | B
100 1 _aPictet de la Rive, François Jules,
_d1809-1872
_9131136
245 1 0 _aTraité de paléontologie ou histoire naturelle des animaux fossiles considérés dans leurs rapports zoologiques et géologiques /
_cpar F. J. Pictet.
250 _aSeconde édition, revue, corrigée, considérablement augmentée.
260 _aa Paris :
_bchez J. B. Baillière ;
_aa Londres :
_bchez H. Baillière ;
_aa New-York :
_bchez H. Baillière ;
_aa Madrid :
_bchez C. Bailly-Baillière,
_c1853-1857 (
_eParis :
_fimprimerie de L. Martinet)
300 _a5 v. ;
_c21 cm.
597 1 _aT. I (584 p.) (1853) -- T. II (727 p.) (1854) -- T. III (654 p.) (1855) -- T. IV (768 p.) (1857) -- T. V Atlas de 110 planches (76 p., CX h. de grab.) (1853-1857)
597 1 _aAl final del T. IV aparece: "Fin de la table alphabétique générale et du tome quatrième et dernier"
599 1 _aLas h. de grab. representan restos paleontológicos.
650 7 _aPaleontología
_2embne
_915808
752 _aFrancia -
_dParís
752 _aGran Bretaña -
_dLondres
752 _aEstados Unidos -
_dNueva York
752 _aEspaña -
_dMadrid
852 _aES-MaACL
_jF-15982-15986
_z-- Enc. hol.
999 _c162093
_d162093